000 00616nam a22001577a 4500
020 _a978-1-909-53161-1
082 _a823
_bZUS/B
100 _aZUSAK, MARKUS
245 _aTHE BOOK THIEF
246 _aTHE BOOK THIEF
_bTHE BOOK THIEF
260 _aU K
_bPENGUIN
_c2012
300 _a583
520 _ahe Book Thief is a book about a girl during World War II in Nazi Germany. Her foster parents hide a Jewish man, but this man is forced to leave once attention is drawn to the family. Ultimately the girls' town is bombed, and her foster parents and best friend are killed.
650 _aENGLISH FICTION
942 _cBK
999 _c8755
_d8755